| 000 | 01818nam0a2200337 4500 | ||
|---|---|---|---|
| 001 | RU\NLR\bibl\1893053 | ||
| 005 | 20240726061539.0 | ||
| 020 |
_aRU _b10-15451 _9Летопись авторефератов диссертаций |
||
| 021 |
_aRU _b2011-12420а _9497аа |
||
| 035 | _a(NLR Aleph) 001882729 | ||
| 090 |
_a2813000 _c2813000 |
||
| 100 | _a20110929d2011 u u0rusy50 ca | ||
| 101 | 0 | _arus | |
| 102 | _aRU | ||
| 105 | _ay dm ||||| | ||
| 200 | 1 |
_aВербальный код осетинского поминального обрядового текста _e(на материале обрядов зазхаессаен и зардаеваераен) _eавтореферат диссертации на соискание ученой степени кандидата филологических наук _eспециальность 10.02.19 <Теория языка> _fДарчиева Мадина Владимировна _g[Сев.-Осет. ин-т гуманитар. и социал. исслед. им. В. И. Абаева ВНЦ РАН] _gМесто защиты: Кабард.-Балкар. гос. ун-т им. Х. М. Бербекова |
|
| 210 |
_aНальчик _d2011 |
||
| 215 |
_a22 с. _d21 |
||
| 320 | _aБиблиогр.: с. 21-22 (13 назв.) | ||
| 675 |
_a811.21/.22 _v3 _zrus |
||
| 686 |
_a16.41 _2rugasnti |
||
| 686 |
_a81.2 _2rubbk |
||
| 686 |
_a10.02.19 _2oksvnk |
||
| 700 | 1 |
_aДарчиева _bМ. В. _gМадина Владимировна _4070 |
|
| 801 | 0 |
_aRU _bRKP _c20110929 _gPSBO |
|
| 801 | 1 |
_aRU _bRKP _c20110929 |
|
| 801 | 2 |
_aRU _bNLR _c20120416 _grcr |
|
| 901 | _eАвторефераты | ||
| 942 | _cBOOK | ||
| 981 | 1 | 0 | _a(10) Авторефераты |